[Event "POL-ch U17 Girls Qual"]
[Site "Jastrzebia Gora"]
[Date "2021.11.20"]
[Round "8"]
[White "Wolszczak, Natalia"]
[Black "Kulpa, Karolina"]
[Result "1/2-1/2"]
[WhiteElo "1299"]
[BlackElo "1388"]
[PlyCount "98"]
[EventDate "2021.11.15"]
[EventType "swiss"]
[EventRounds "9"]
[EventCountry "POL"]
[SourceTitle "EXT 2023"]
[Source "ChessBase"]
[SourceDate "2022.10.05"]
[SourceVersion "1"]
[SourceVersionDate "2022.10.05"]
[SourceQuality "1"]

1. d4 c5 2. Nf3 cxd4 3. Nxd4 Nc6 4. c4 d5 5. e3 e5 6. Nf3 Bb4+ 7. Bd2 Bxd2+ 8. Qxd2 Nge7 9. Nc3 Be6 10. cxd5 Nxd5 11. Bb5 f6 12. Bc4 Nc7 13. Bxe6 Nxe6 14. Qe2 Qa5 15. Qc4 Nc7 16. 0-0 0-0-0 17. Rfd1 Qb4 18. Qf7 Qe7 19. Qxe7 Nxe7 20. Kf1 Rxd1+ 21. Rxd1 Rd8 22. Rxd8+ Kxd8 23. Ke2 Kd7 24. Kd3 Kd6 25. Nd2 Ned5 26. Nc4+ Kc5 27. Na5 Nxc3 28. Kxc3 b6 29. Nb7+ Kc6 30. Nd8+ Kd7 31. Nb7 Ne8 32. Kc4 Kc7 33. Kd5 Kxb7 34. Ke6 Kc6 35. Ke7 Nd6 36. Kf8 g5 37. Kg7 Ne8+ 38. Kxh7 Kd6 39. Kg6 Ke6 40. g3 Nd6 41. h4 gxh4 42. gxh4 Nf7 43. h5 e4 44. h6 Ng5 45. h7 Nf7 46. Kg7 Nh8 47. b4 Ke7 48. Kg8 f5 49. Kg7 Nf7 1/2-1/2

[Event "POL-ch U17 Girls Qual"]
[Site "Jastrzebia Gora"]
[Date "2021.11.16"]
[Round "2"]
[White "Pacho, Maria"]
[Black "Wolszczak, Natalia"]
[Result "1/2-1/2"]
[WhiteElo "1279"]
[BlackElo "1299"]
[PlyCount "95"]
[EventDate "2021.11.15"]
[EventType "swiss"]
[EventRounds "9"]
[EventCountry "POL"]
[SourceTitle "EXT 2023"]
[Source "ChessBase"]
[SourceDate "2022.10.05"]
[SourceVersion "1"]
[SourceVersionDate "2022.10.05"]
[SourceQuality "1"]

1. c4 c6 2. Nc3 d5 3. cxd5 cxd5 4. Nf3 Bf5 5. Qb3 e6 6. Qxb7 Nd7 7. Qb3 Ngf6 8. d3 Bd6 9. g3 0-0 10. Bg2 Nc5 11. Qd1 e5 12. 0-0 Rb8 13. Bg5 d4 14. Nd5 Rxb2 15. Nxf6+ gxf6 16. Bh6 Re8 17. Nd2 Bf8 18. Bxf8 Kxf8 19. Nc4 Rb8 20. Qd2 Bg6 21. Rab1 Qc7 22. Rxb8 Rxb8 23. Rc1 Qe7 24. Na5 Rb6 25. Qc2 Ne6 26. Nb3 Qb4 27. Bd5 Kg7 28. Qc8 a5 29. Qc4 a4 30. Qxb4 Rxb4 31. Nc5 Nxc5 32. Rxc5 Rb2 33. Kf1 Rb1+ 34. Kg2 Rb2 35. Kf3 f5 36. h3 e4+ 37. dxe4 fxe4+ 38. Bxe4 Bxe4+ 39. Kxe4 Rxe2+ 40. Kxd4 Rxa2 41. Ke3 Kf6 42. Ra5 Ke6 43. h4 Kf6 44. g4 a3 45. g5+ Ke6 46. h5 Ra1 47. Kf3 a2 48. Kf4 1/2-1/2